000 003270000a22001450004500
003 MACL
040 _aMACL
090 _c42962
_d42960
100 _aChadha, Dr Anupriya
245 _aChild Psychology
260 _bA P H Publishing Corporation
_c2007
350 _a295
650 _aChild Psychology
942 _cBOOK
_k155.4/CHA
999 _c42507
_d42507